|
|
|
|
| LEADER |
01003nam a2200253 a 4500 |
| 001 |
4517675 |
| 008 |
090531r19961995 enk b 001 0 eng d |
| 010 |
|
|
|a 98218513
|
| 020 |
|
|
|a 0421520701
|
| 040 |
|
|
|a MoSU-L
|c MoSU-L
|
| 082 |
0 |
0 |
|a 338.9
|2 20
|
| 100 |
1 |
|
|a Vinter, Graham D.
|
| 245 |
1 |
0 |
|a Project finance :
|b a legal guide /
|c by Graham Vinter.
|
| 250 |
|
|
|a 2nd ed.
|
| 260 |
|
|
|a London :
|b Sweet & Maxwell,
|c 1995.[Reprinted 1996]
|
| 300 |
|
|
|a xxvii, 151 p. ;
|c 26 cm.
|
| 504 |
|
|
|a Includes bibliographical references and index.
|
| 541 |
1 |
|
|e 000011990
|
| 650 |
|
0 |
|a Economic development projects
|x Law and legislation.
|
| 650 |
|
0 |
|a Economic development projects
|x Finance.
|
| 650 |
|
0 |
|a International finance
|x Law and legislation.
|
| 852 |
4 |
|
|a Ayesha Abed Library
|j General shelf
|
| 999 |
|
|
|c 1187
|d 1187
|
| 952 |
|
|
|0 0
|1 0
|2 ddc
|4 0
|6 338_900000000000000_VIN
|7 0
|9 1073
|a BRACUL
|b BRACUL
|c GEN
|d 2009-06-24
|g 0.00
|l 0
|o 338.9 VIN
|p 3010011990
|r 2009-06-24
|t 1
|w 2009-06-24
|y BK
|x No price found in the accession register.
|